000 00343 a2200157 4500
001 60666
020 _a9788576767053
040 _cAnchieta - Pituba
100 _aBryant, Annie
240 1 0 _aGarotas da Rua Beacon
_lpor
245 1 0 _aGarotas da Rua Beacon
300 _a259
362 0 _a2010
650 4 _aLiteratura juvenil
942 _cBK
999 _c60666
_d60666